| 000 | 00500nam a22001457a 4500 | ||
|---|---|---|---|
| 003 | MACL | ||
| 005 | 20200205171054.0 | ||
| 008 | 200205b xxu||||| |||| 00| 0 eng d | ||
| 040 | _cMACL | ||
| 100 |
_aशुक्ल, हनुमानप्रसाद _978043 |
||
| 245 | _aकुबेरनाथ राय रचना संचयन | ||
| 260 |
_aदिल्ली _bसाहित्य अकादेमी _c2014 |
||
| 650 |
_aरचनावली _9163 |
||
| 942 |
_2ddc _cHIN |
||
| 999 |
_c61956 _d61956 |
||